000 00312nam a22001457a 4500
008 211012b ||||| |||| 00| 0 eng d
020 _a9780256146387
041 _aeng
080 _23rd
_a330.322
082 _a330.322
100 _a51
101 _aINV
245 _aInvestments
_cBodie,Z
942 _2udc
_cBK
999 _c58158
_d58158